Potrawy z ziemniaków - Statystyki

Ogólne statystyki
  • Ten quiz został rozwiązany 30 razy
  • Średni wynik to 8 z 9
Statystyki odpowiedzi
Obrazkowy Odpowiedź % Poprawnych
Frytki
100%
Placki ziemniaczane
96%
Pyzy
96%
Kluski śląskie
93%
Kopytka
93%
Puree
86%
Knedle
79%
Zapiekanka ziemniaczana
64%
Gnocchi
61%
Nie znaleziono quizów pasujących do podanych kryteriów
Rozkład punktacji
Procent ludzi z każdym wynikiem
Percentyl według liczby udzielonych odpowiedzi
Twoja historia wyników
Nie rozwiązałeś tego quizu